Learning to teach in higher education
This book addresses the problem of how best to evaluate and improve the standard of teaching in higher education in a climate of accountability and appraisal. Linking educaional theory with the practical realities of teaching, it argues that becoming an effectice teacher in higher education involves...
Gorde:
| Egile nagusia: | |
|---|---|
| Formatua: | Liburua |
| Hizkuntza: | Undetermined |
| Argitaratua: |
London
Routledge
1995
|
| Gaiak: | |
| Etiketak: |
Etiketa erantsi
Etiketarik gabe, Izan zaitez lehena erregistro honi etiketa jartzen!
|
| Thư viện lưu trữ: | Trung tâm Học liệu Trường Đại học Cần Thơ |
|---|
| LEADER | 00904nam a2200205Ia 4500 | ||
|---|---|---|---|
| 001 | CTU_20605 | ||
| 008 | 210402s9999 xx 000 0 und d | ||
| 020 | |b 55.50df | ||
| 082 | |a 378 | ||
| 082 | |b R182 | ||
| 100 | |a Paul Ramsden | ||
| 245 | 0 | |a Learning to teach in higher education | |
| 245 | 0 | |c Paul Ramsden | |
| 260 | |a London | ||
| 260 | |b Routledge | ||
| 260 | |c 1995 | ||
| 520 | |a This book addresses the problem of how best to evaluate and improve the standard of teaching in higher education in a climate of accountability and appraisal. Linking educaional theory with the practical realities of teaching, it argues that becoming an effectice teacher in higher education involves listening to students and changing how we think about the teaching | ||
| 650 | |a education, higher,universities and colleges | ||
| 904 | |i Minh, 971223 | ||
| 980 | |a Trung tâm Học liệu Trường Đại học Cần Thơ | ||